Het enige Amerikaanse land dat... - Statistieken

Algemene statistieken
  • Deze quiz is 74 keer genomen
  • De gemiddelde score is 13 van 20
Antwoordstatistieken
Omschrijving Land % Correct
Een blad op zijn vlag heeft staan? Canada
100%
Vijf keer het WK voetbal won? Brazilië
97%
4.300km lang is, maar slecht 200km breed? Chili
90%
Als enige aan Haïti grenst? Dominicaanse Republiek
87%
Nederlands als officiële taal gebruikt? Suriname
87%
Met een J begint? Jamaica
83%
Comunistisch is? Cuba
80%
In tweeën wordt gesneden door een kanaal? Panama
80%
Het Metrisch Systeem niet gebruikt? Verenigde Staten
75%
Het thuisland van een voormalige paus was? Argentinië
72%
Op een U eindigt? Peru
65%
Grotere oliereserves heeft dan Saudi-Arabië? Venezuela
57%
Helemaal ten zuiden van de steenbokskeerkring ligt? Uruguay
50%
Twee hoofdsteden heeft? Bolivia
48%
Meer dan 100 moorden per 100.000 inwoners heeft? El Salvador
42%
Een hoofdstad beginnend met A heeft? Paraguay
42%
Bijna 4 jaarlijkse toeristen per inwoner heeft? Bahamas
32%
De Quetzal als munteenheid gebruikt? Guatemala
28%
Een BBP per hoofd onder 2000 dollar heeft? Haïti
27%
Werd veroverd door de VS in de vroege jaren '80? Grenada
15%
Geen overeenkomende quizzen gevonden
Scoreverdeling
Procent van Mensen met Elke Score
Percentiel versus Aantal Correcte Antwoorden
Uw Scoregeschiedenis
U heeft deze quiz nog niet genomen